000 00633cab a2200241 4500
001 ABS60308
008 090401t1999 xxu||||| |||| 00| 0 eng d
035 _a(Sirsi) u92458
041 _aeng
100 _aYouens, A.
245 _aFinance and funding in the frame
260 _c1999
350 _a0
490 _aProperty Week
_v64(11) 26 March 1999, 40-41(2)
650 _aPROPERTY DEVELOPMENT
650 _aPROPERTY FINANCE
650 _aPROPERTY FUNDING
650 _aPROPERTY INVESTMENT
650 _aPROPERTY INVESTORS
690 _aPROPERTY-PROPERTY FINANCE AND INVESTMENT
942 _n0
948 _c31/03/1999
999 _c58611
_d58611